Surnoms des joueurs de hockey de la LNH - Statistiques

Statistiques générales
  • Ce quiz a été pris 404 fois
  • Le résultat moyen est 9 sur 30
Statistiques - réponses
Hint Réponse % Correct
Le Magnifique Mario Lemieux
86%
Le Rocket Maurice Richard
86%
Le Pocket Rocket Henri Richard
83%
Le Démon Blond Guy Lafleur
74%
La Merveille Wayne Gretzky
73%
Pépé Claude Lemieux
58%
Le Gros Bill Jean Béliveau
56%
Casseau Patrick Roy
53%
Monsieur Hockey Gordie Howe
51%
Le Rocket Russe Pavel Bure
35%
Lucky Luke Luc Robitaille
28%
Le Sénateur Serge Savard
26%
Pinotte Réjean Houle
24%
Mario Junior Jaromir Jagr
23%
Le petit Viking Mats Naslund
23%
Pointu Guy Lapointe
20%
Capitaine Sérieux Jonathan Toews
20%
Le Boss Mike Bossy
14%
Le Roi Richard Richard Brodeur
12%
Le Magicien de Rouyn Pierre Turgeon
11%
Le King Gilbert Dionne
10%
Le Cowboy Owen Nolan
7%
La Main de Dieu Daniel Bouchard
6%
La Mule Johan Franzen
4%
Le Monstre Jonas Gustavsson
3%
Le petit Rat Ken Linseman
3%
Le Bûcheron Billy Smith
2%
Goose Mario Gosselin
1%
Le Ministre de la Défense Rod Langway
0%
Le Tank Vladimir Krutov
0%
Aucun quiz correspondant
Distribution des résultats
% des personnes avec chaque résultat
Percentile par nombre de réponses
Votre historique - résultats
Vous n’avez pas pris ce quiz